Religion and Society (Record no. 8602)

MARC details
000 -LEADER
fixed length control field 00593nam a2200241 a 4500
020 ## - INTERNATIONAL STANDARD BOOK NUMBER
ISBN
082 00 - DEWEY DECIMAL CLASSIFICATION NUMBER
Classification number 306.0899145
Author Cutter MUR.
100 ## - MAIN ENTRY--AUTHOR NAME
Author name Murthy, A S N
245 ## - TITLE STATEMENT
Title Religion and Society
Sub title a Study of Koyas.
260 ## - PUBLICATION, DISTRIBUTION, ETC. (IMPRINT)
Place of publication Delhi
Name of publisher Discovery Pub.House
Year of publication 1991
300 ## - PHYSICAL DESCRIPTION
Number of Pages 196p
500 ## - GENERAL NOTE
General note includes index and biblioraphy
505 2# - FORMATTED CONTENTS NOTE
Formatted contents note Index.
650 ## - SUBJECT ADDED ENTRY--TOPICAL TERM
Topical Term Caste-India-Kerala
942 ## - ADDED ENTRY ELEMENTS (KOHA)
Koha item type Books
700 1# -
-- Murthy, A S N
Holdings
Collection code Home library Current library Date acquired Cost, normal purchase price Full call number Accession Number Koha item type
  Henry Martyn Institute Library Henry Martyn Institute Library 04/02/2007 200.00 306.0899145 MUR. 014195 Books
                   Copyright © 2026 | Henry Martyn Institute | Hyderabad | TS-500052 | INDIA | Implemented by hmi.edu.in
Hit-Count:

Powered by Koha